<?xml version="1.0" encoding="UTF-8"?>
<record
    xmlns:xsi="http://www.w3.org/2001/XMLSchema-instance"
    xsi:schemaLocation="http://www.loc.gov/MARC21/slim http://www.loc.gov/standards/marcxml/schema/MARC21slim.xsd"
    xmlns="http://www.loc.gov/MARC21/slim">

  <leader>01409nac a22002651u 4500</leader>
  <controlfield tag="006">a|||||s|||| 000 0 </controlfield>
  <controlfield tag="008">100519t        xxu||||| |||| 00| 0 eng d</controlfield>
  <datafield tag="082" ind1=" " ind2=" ">
    <subfield code="a">787.87</subfield>
    <subfield code="2">22</subfield>
    <subfield code="b">EVA</subfield>
  </datafield>
  <datafield tag="100" ind1=" " ind2=" ">
    <subfield code="a">Evans, Bill</subfield>
    <subfield code="9">14156</subfield>
  </datafield>
  <datafield tag="240" ind1=" " ind2=" ">
    <subfield code="a">Selections</subfield>
  </datafield>
  <datafield tag="245" ind1=" " ind2=" ">
    <subfield code="a">Time Rememberd: </subfield>
    <subfield code="b">John McLaughlin plays Bill Evans /</subfield>
    <subfield code="c">John McLaughlin, Bill Evans, Aighetta Quartet and Yan Maresz </subfield>
  </datafield>
  <datafield tag="246" ind1=" " ind2=" ">
    <subfield code="a">John McLaughlin plays Bill Evans</subfield>
  </datafield>
  <datafield tag="260" ind1=" " ind2=" ">
    <subfield code="a">New York:</subfield>
    <subfield code="b">Polydor/PolyGram S.A. France, 1993</subfield>
    <subfield code="c">1993</subfield>
  </datafield>
  <datafield tag="300" ind1=" " ind2=" ">
    <subfield code="a">1 sound disc : </subfield>
    <subfield code="b">digital ; </subfield>
    <subfield code="c">4 3/4 in.</subfield>
  </datafield>
  <datafield tag="500" ind1=" " ind2=" ">
    <subfield code="a">All compositions by Bill Evans, except Homage by John McLaughlin</subfield>
  </datafield>
  <datafield tag="500" ind1=" " ind2=" ">
    <subfield code="a">Recorded at Regson Studio, Milan, Italy, Mar. 25-28, 1993   </subfield>
  </datafield>
  <datafield tag="505" ind1=" " ind2=" ">
    <subfield code="a">Prologue -- Very early -- Only child -- Waltz for Debby -- Homage -- My bells -- Time remembered -- Song for Helen -- Turn out the stars -- We will meet again -- Epilogue</subfield>
  </datafield>
  <datafield tag="511" ind1=" " ind2=" ">
    <subfield code="a">John McLaughlin, acoustic guitar ; Aighetta Quartet, acoustic guitars ; Yan Maresz, acoustic bass guitar   </subfield>
  </datafield>
  <datafield tag="650" ind1=" " ind2=" ">
    <subfield code="a">Guitar music</subfield>
    <subfield code="9">14163</subfield>
  </datafield>
  <datafield tag="700" ind1=" " ind2=" ">
    <subfield code="9">14154</subfield>
    <subfield code="a">Mclaughlin, John            </subfield>
    <subfield code="d">1942-</subfield>
    <subfield code="e">prf   </subfield>
  </datafield>
  <datafield tag="700" ind1=" " ind2=" ">
    <subfield code="9">14165</subfield>
    <subfield code="a">Aighetta Quartet</subfield>
    <subfield code="e">prf   </subfield>
  </datafield>
  <datafield tag="700" ind1=" " ind2=" ">
    <subfield code="9">14164</subfield>
    <subfield code="a">Maresz, Yan</subfield>
    <subfield code="e">prf</subfield>
  </datafield>
  <datafield tag="942" ind1=" " ind2=" ">
    <subfield code="c">CDR</subfield>
    <subfield code="k">787.87 EVA</subfield>
    <subfield code="2">ddc</subfield>
  </datafield>
  <datafield tag="999" ind1=" " ind2=" ">
    <subfield code="c">4993</subfield>
    <subfield code="d">4993</subfield>
  </datafield>
  <datafield tag="952" ind1=" " ind2=" ">
    <subfield code="0">0</subfield>
    <subfield code="1">0</subfield>
    <subfield code="2">ddc</subfield>
    <subfield code="4">0</subfield>
    <subfield code="7">0</subfield>
    <subfield code="a">MAIN</subfield>
    <subfield code="b">MAIN</subfield>
    <subfield code="c">2ND</subfield>
    <subfield code="d">2007-10-18</subfield>
    <subfield code="e">Purchase</subfield>
    <subfield code="l">1</subfield>
    <subfield code="o">787.87 EVA</subfield>
    <subfield code="p">000005824</subfield>
    <subfield code="r">2022-08-24 00:00:00</subfield>
    <subfield code="s">2011-07-21</subfield>
    <subfield code="y">CDVDSOU</subfield>
  </datafield>
</record>
